You don’t have to be bad to get better a leader’s guide to improving teacher quality
Αποθηκεύτηκε σε:
| Κύριος συγγραφέας: | |
|---|---|
| Μορφή: | Βιβλίο |
| Γλώσσα: | Αγγλικά |
| Έκδοση: |
Corwin
2013
|
| Ετικέτες: |
Προσθήκη ετικέτας
Δεν υπάρχουν, Καταχωρήστε ετικέτα πρώτοι!
|
MARC
| LEADER | 00000nam a22000007a 4500 | ||
|---|---|---|---|
| 008 | 210121b ||||| |||| 00| 0 eng d | ||
| 020 | |a 978-1-4522-4087-9 | ||
| 100 | |a McKAY, Candi B | ||
| 245 | |a You don’t have to be bad to get better |b a leader’s guide to improving teacher quality |c Candi B. McKay, foreword by Charlotte Danielson |g xviii 127p; ill. | ||
| 260 | |b Corwin |c 2013 |h Thousand Oaks, California |i 692465 |i 692466 |l LB2831.6 M19 |m Educational leadership. |m School principals |m Educational accountability | ||
| 942 | |a lcc |c BK |e YUNUSA, A.A. |f 21/01/2021 | ||
| 952 | |0 0 |1 0 |2 lcc |4 0 |6 LB28316 M19 |7 0 |9 1367 |a HOL |b ED |c LP |d 2021-01-21 |l 0 |o LB2831.6 M19 |p 2021-0172 |r 2021-01-21 00:00:00 |w 2021-01-21 |y BK | ||
| 952 | |0 0 |1 0 |2 lcc |4 0 |6 LB28316 M19 |7 0 |9 1368 |a HOL |b HOL |c LP |d 2021-01-21 |l 0 |o LB2831.6 M19 |p 2021-0173 |r 2021-01-21 00:00:00 |w 2021-01-21 |y BK | ||
| 999 | |c 713 |d 713 | ||